[Event "EU-ch U14 Girls 23rd"]
[Site "Budva"]
[Date "2013.10.03"]
[Round "5"]
[White "Babic, Tijana"]
[Black "Drobnic, Simona"]
[Result "1-0"]
[WhiteElo "1571"]
[BlackElo "1379"]
[PlyCount "73"]
[EventDate "2013.09.29"]
[EventType "swiss"]
[EventRounds "9"]
[EventCountry "MNE"]
[SourceTitle "EXT 2014"]
[Source "ChessBase"]
[SourceDate "2013.11.20"]
[SourceVersion "1"]
[SourceVersionDate "2013.11.20"]
[SourceQuality "1"]

1. c4 Nf6 2. Nc3 d5 3. e3 Nc6 4. Nf3 Bg4 5. Be2 dxc4 6. Bxc4 e6 7. h3 Bh5 8. 0-0 Be7 9. d4 0-0 10. Be2 a6 11. a3 Bd6 12. e4 Bxf3 13. Bxf3 e5 14. dxe5 Nxe5 15. Be2 c6 16. Kh1 Bc7 17. f4 Qxd1 18. Rxd1 Ng6 19. e5 Ne8 20. Be3 f6 21. Bc4+ Kh8 22. e6 Nd6 23. Bd3 f5 24. Bc5 Rfe8 25. Bxd6 Bxd6 26. Bxf5 Bxf4 27. Rd7 Ne7 28. Bg4 b5 29. Rf1 Bg5 30. Ne4 Be3 31. Nd6 Rf8 32. Rxf8+ Rxf8 33. Nf7+ Kg8 34. Rxe7 Bc1 35. Rd7 Bf4 36. e7 Re8 37. Be6 1-0

[Event "EU-ch U14 Girls 23rd"]
[Site "Budva"]
[Date "2013.10.02"]
[Round "4"]
[White "Milovanova, Maria"]
[Black "Babic, Tijana"]
[Result "1-0"]
[WhiteElo "1838"]
[BlackElo "1571"]
[PlyCount "87"]
[EventDate "2013.09.29"]
[EventType "swiss"]
[EventRounds "9"]
[EventCountry "MNE"]
[SourceTitle "EXT 2014"]
[Source "ChessBase"]
[SourceDate "2013.11.20"]
[SourceVersion "1"]
[SourceVersionDate "2013.11.20"]
[SourceQuality "1"]

1. d4 Nf6 2. c4 c5 3. d5 e6 4. Nc3 exd5 5. cxd5 d6 6. e4 g6 7. f4 Bg7 8. Bb5+ Bd7 9. e5 dxe5 10. fxe5 Ng8 11. Nf3 Ne7 12. 0-0 0-0 13. d6 Nf5 14. Bg5 Qc8 15. g4 Nd4 16. Nd5 Nxf3+ 17. Rxf3 Kh8 18. Nc7 Bxb5 19. Nxa8 Na6 20. Nc7 Nxc7 21. dxc7 Qxc7 22. Qd6 Qxd6 23. exd6 Bc6 24. Rd3 Bd4+ 25. Be3 Bxb2 26. Re1 Rd8 27. Bxc5 b6 28. Bf2 f6 29. Bg3 Bb5 30. d7 Rxd7 31. Re8+ Kg7 32. Rxd7+ Bxd7 33. Re7+ Kh6 34. Rxd7 a5 35. Bf2 b5 36. Rb7 a4 37. Rxb5 a3 38. Ra5 Bc1 39. Bc5 Bb2 40. Bxa3 Be5 41. h4 Kg7 42. Bc5 Bg3 43. Bf2 Be5 44. Ra7+ 1-0

[Event "EU-ch U14 Girls 23rd"]
[Site "Budva"]
[Date "2013.10.01"]
[Round "3"]
[White "Babic, Tijana"]
[Black "Sardelic, Marina"]
[Result "1-0"]
[WhiteElo "1571"]
[BlackElo "1475"]
[PlyCount "145"]
[EventDate "2013.09.29"]
[EventType "swiss"]
[EventRounds "9"]
[EventCountry "MNE"]
[SourceTitle "EXT 2014"]
[Source "ChessBase"]
[SourceDate "2013.11.20"]
[SourceVersion "1"]
[SourceVersionDate "2013.11.20"]
[SourceQuality "1"]

1. c4 Nf6 2. Nc3 e6 3. g3 Bb4 4. Nf3 0-0 5. Bg2 c5 6. a3 Bxc3 7. bxc3 Nc6 8. d4 d5 9. cxd5 exd5 10. 0-0 c4 11. Bg5 Re8 12. Nd2 Qa5 13. Bxf6 gxf6 14. Rc1 Be6 15. Nb1 Ne7 16. e4 dxe4 17. Bxe4 Rab8 18. Qf3 Bd5 19. Qh5 f5 20. Bxf5 Ng6 21. Bxg6 fxg6 22. Qg5 Rbd8 23. Rfe1 Qb5 24. Nd2 Qc6 25. Qg4 Be6 26. Qf3 Bd5 27. Qg4 Be6 28. Qe2 Bh3 29. Qxc4+ Be6 30. Qxc6 bxc6 31. Ne4 Kg7 32. Nc5 Bc4 33. Rb1 a6 34. Rb7+ Kh6 35. Rxe8 Rxe8 36. Rb1 Re2 37. Rc1 Kg5 38. Nd7 Ra2 39. Ne5 Bb5 40. c4 Ba4 41. Rc3 Ra1+ 42. Kg2 Rd1 43. Rd3 Rc1 44. d5 cxd5 45. cxd5 Bb5 46. f4+ Kf5 47. Rd2 g5 48. d6 Rc8 49. d7 Rd8 50. Nf7 Bc6+ 51. Kf2 Rxd7 52. Rxd7 Bxd7 53. Nxg5 Kg6 54. Nf3 Be6 55. f5+ Bxf5 56. Nh4+ Kg5 57. Nxf5 Kxf5 58. Kf3 h5 59. h4 a5 60. a4 Kg6 61. Ke4 Kf6 62. Kf4 Kg6 63. Ke5 Kh6 64. Kf6 Kh7 65. Kg5 Kg7 66. Kxh5 Kf6 67. g4 Ke5 68. g5 Kd4 69. g6 Kc4 70. g7 Kb4 71. g8Q Kxa4 72. Qa2+ Kb4 73. Kg5 1-0

[Event "EU-ch U14 Girls"]
[Site "Prague"]
[Date "2012.08.21"]
[Round "5"]
[White "Serpetsidaki, Eva"]
[Black "Babic, Tijana"]
[Result "0-1"]
[WhiteElo "1408"]
[BlackElo "1566"]
[PlyCount "68"]
[EventDate "2012.08.17"]
[EventType "swiss"]
[EventRounds "9"]
[EventCountry "CZE"]
[SourceTitle "CBM 150 Extra"]
[Source "ChessBase"]
[SourceDate "2012.10.19"]
[SourceVersion "1"]
[SourceVersionDate "2012.10.19"]
[SourceQuality "1"]

1. e4 e6 2. d4 d5 3. exd5 exd5 4. Bd3 Bd6 5. Nf3 Bg4 6. 0-0 Nc6 7. c3 Nge7 8. Bg5 f6 9. Bh4 Qd7 10. Re1 0-0-0 11. Bg3 Bxg3 12. fxg3 Qd6 13. Qc2 g6 14. Nbd2 Rdg8 15. Nb3 h5 16. Rf1 Nf5 17. Nc5 b6 18. Ba6+ Kb8 19. Qb3 Bxf3 20. Rxf3 Ncxd4 21. cxd4 Nxd4 22. Nb7 Nxb3 23. Nxd6 Nxa1 24. Nb5 Nc2 25. a3 c6 26. Rc3 cxb5 27. Rxc2 Rd8 28. Rf2 Rd6 29. Bxb5 Rc8 30. Re2 d4 31. Bd3 g5 32. h4 Rc5 33. b4 Rc3 34. Bb5 d3 0-1

[Event "EU-ch U14 Girls"]
[Site "Prague"]
[Date "2012.08.17"]
[Round "1"]
[White "Babic, Tijana"]
[Black "Vidic, Teja"]
[Result "0-1"]
[WhiteElo "1566"]
[BlackElo "1888"]
[PlyCount "58"]
[EventDate "2012.08.17"]
[EventType "swiss"]
[EventRounds "9"]
[EventCountry "CZE"]
[SourceTitle "CBM 150 Extra"]
[Source "ChessBase"]
[SourceDate "2012.10.19"]
[SourceVersion "1"]
[SourceVersionDate "2012.10.19"]
[SourceQuality "1"]

1. e4 e5 2. Nf3 Nc6 3. d4 exd4 4. Nxd4 Bc5 5. Be3 Qf6 6. c3 Nge7 7. Bc4 b6 8. 0-0 Bb7 9. Nb5 0-0-0 10. Bxc5 bxc5 11. Nd2 Ne5 12. Qb3 a6 13. Na3 d5 14. exd5 Nxd5 15. Ne4 Qc6 16. f3 f5 17. Ng3 f4 18. Ne4 Ne3 19. Rf2 Rhe8 20. Ng5 Qg6 21. Be6+ Kb8 22. h4 h6 23. Bf7 Nxf7 24. Qxf7 Qxf7 25. Nxf7 Rd7 26. Nxh6 gxh6 27. Nc2 Rd1+ 28. Rxd1 Nxd1 29. Rd2 Nxb2 0-1